| 000 | 00358nam a2200157Ia 4500 | ||
|---|---|---|---|
| 008 | 241014s9999||||xx |||||||||||||| ||und|| | ||
| 020 | _a0-07-290793-2 | ||
| 060 | _aQS 4 G 2002 | ||
| 100 | _aKent M. Van De Graaff | ||
| 245 | 0 | _aHuman Anatomy. | |
| 250 | _a6th | ||
| 260 |
_bMcGraw-Hill _c2002 |
||
| 300 | _a840 | ||
| 650 | _aAnatomy | ||
| 942 |
_bDIMC _cBK |
||
| 999 |
_c9087 _d9087 |
||